• 首页
  • 本馆介绍
  • 公告通知
  • 最新文献
  • 馆藏检索
  • 电子资源
  • 读者导购
  • 参考咨询
  • 我的图书馆
  • 登录
  • 详细信息显示
  • 放入我的书架
  • 预约/预借图书
  • 作者相关作品
  • 分类相关作品
  • 丛书相关作品
  • 出版社相关作品

书目信息

  • 表格格式
  • 工作单格式
  • 卡片格式
题名:
李国平论函数论与数学物理
    
 
作者: 李国平 著 ;丁夏畦 主编
分册:  
出版信息: 济南   山东教育出版社  2002
页数: 18,743,14页
开本: 21cm
丛书名: 数学名家论丛
单 册:
中图分类: O174-53
科图分类:
主题词: 函数论--文集 , 函数论 , 数学物理方法 , 数学物理方法--文集
电子资源:
ISBN: 7-5328-2855-7
000 00977oam2 2200313 450
001 070022135120
005 20051116085132.64
010    @a7-5328-2855-7@b精装@dCNY40.00
092    @aCN
100    @a20050420d2002 ekmy0chiy0120 ea
101 0  @achi@afre
102    @aCN@b370000
105    @af z 000yy
200 1  @a李国平论函数论与数学物理@9li guo ping lun han shu lun yu shu xue wu li@f李国平著@Fli guo ping zhu@g丁夏畦主编
210    @a济南@c山东教育出版社@d2002
215    @a18,743,14页@c图版@d21cm
225 2  @a数学名家论丛
330    @a本书收录李国平论述函数与数学物理的文章,内容包括各向异性能带理论、数学中的一些转化概念等。
410  0 @12001 @a数学名家论丛
606 0  @a函数论@j文集
606 0  @a函数论
606 0  @a数学物理方法
606 0  @a数学物理方法@x文集
690    @aO174-53@v4
701  0 @a李国平@9li guo ping@4著
702  0 @a丁夏畦@9ding xia qi@4主编
801  0 @aCN@bNLC@c20051116
905    @a10447@dO174-53@e132
999    @aAFJ
    
    李国平论函数论与数学物理/李国平著/丁夏畦主编.-济南:山东教育出版社,2002
    18,743,14页:图版;21cm.-(数学名家论丛)
    
    
    ISBN 7-5328-2855-7(精装):CNY40.00
    本书收录李国平论述函数与数学物理的文章,内容包括各向异性能带理论、数学中的一些转化概念等。
●
相关链接 在E读中查询图书 在五车中查询图书 在当当中查询图书 在豆瓣中查询图书


正题名:李国平论函数论与数学物理     索取号:O174-53/132         预约/预借

序号 登录号 条形码 馆藏地/架位号 状态 备注
1 0368039   203680392   第二样本阅览室/ [索取号:O174-53/132] 在馆    
2 0368040   203680409   第三借阅区/ [索取号:O174-53/132] 在馆    
3 0368041   203680418   第三借阅区/ [索取号:O174-53/132] 在馆    
欢迎您!
大连网信软件有限公司© 版权所有